Doce relatos de mujeres / (Registro nro. 30634)
[ vista simple ]
| 000 -LEADER | |
|---|---|
| fixed length control field | 00274nam a22000977a 4500 |
| 008 - FIXED-LENGTH DATA ELEMENTS--GENERAL INFORMATION | |
| fixed length control field | 240220b |||||||| |||| 00| 0 eng d |
| 082 ## - DEWEY DECIMAL CLASSIFICATION NUMBER | |
| Classification number | A-C |
| Item number | DOCE |
| 100 10 - MAIN ENTRY--PERSONAL NAME | |
| Personal name | Doce relatos de mujeres |
| Relator term | autor |
| 9 (RLIN) | 43452 |
| 245 ## - TITLE STATEMENT | |
| Title | Doce relatos de mujeres / |
| Statement of responsibility, etc. | Fernández, Cristina |
| 942 ## - ADDED ENTRY ELEMENTS (KOHA) | |
| Source of classification or shelving scheme | Dewey Decimal Classification |
| Withdrawn status | Lost status | Source of classification or shelving scheme | Damaged status | Not for loan | Home library | Current library | Shelving location | Date acquired | Total Checkouts | Full call number | Barcode | Date last seen | Price effective from | Non-public note | Koha item type | Public note |
|---|---|---|---|---|---|---|---|---|---|---|---|---|---|---|---|---|
| Dewey Decimal Classification | Biblored | Biblioteca Pública José María del Castillo y Rada | Fiction | 02/16/2024 | A-C DOCE | 35714000684139 | 02/20/2024 | 02/20/2024 | ondeado | Books | Material Interbibliotecario BibloRed |